Statistics for What city is this?

Click here to take the quiz!

General Stats

  • This quiz has been taken 305 times
  • The average score is 9 of 15

Answer Stats

Hint Answer % Correct
Home of the Louvre museumParis
96%
Home to the AcropolisAthens
93%
Capital of CanadaOttawa
90%
Largest city in CataloniaBarcelona
87%
Where the Brandenburg Gate is locatedBerlin
87%
City overlooked by the statue of Christ the RedeemerRio de Janeiro
84%
City with the first Disneyland outside the USATokyo
72%
City that is gradually sinkingVenice
63%
Home of Table Mountain (Tafelberg)Cape Town
60%
Former Portuguese colony on India's West coastGoa
41%
City founded in 1819 by Sir Stamford RafflesSingapore
35%
Located in the heart of Silicon ValleySan Jose
32%
Name of the city means "Fragrant Harbour"Hong Kong
32%
You'll find the Topkapi Palace hereIstanbul
31%
Located at the Atlantic side of the Panama CanalColon
7%

Score Distribution

Percentile by Number Answered

Percent of People with Each Score

Your Score History

You have not taken this quiz